00706nam a22001697a 450000500170000000800410001704000070005804100120006508200210007710000480009824501750014626000450032130000310036636500600039765000260045770000530048320220325090316.0220322b ||||| |||| 00| 0 eng d cAL aKannada 223aK894.8bHARK aG B Harisha ಜಿ ಬಿ ಹರೀಶ  aKalayogi Ananda Kumaraswamy ಕಲಾಯೋಗಿ ಆನಂದ ಕುಮಾರಸ್ವಾಮಿ (ವಿಶ್ವ ಸಂಸ್ಕೃತಿಯ ಹರಿಕಾರ ) aBengalurubVandemataram Prakashanac2022 axv,201 p.bPBc21.5x14 cm. aBLCR-000132b₹200.00c₹d₹250.00e20%f11-03-2022 aKannada Miscellaneous aHarisha (G B) ಹರೀಶ (ಜಿ ಬಿ )